| 000 | 00834cam a2200277 a 4500 | ||
|---|---|---|---|
| 001 | 000019689 | ||
| 005 | 20200929170114.0 | ||
| 008 | 771018s1947 ag 001 e spa d | ||
| 040 |
_aDO-SdBNP _bspa _cDLC _dBNPHU |
||
| 082 |
_a864.6 _bA996L, 1947 |
||
| 100 | 0 |
_aAzorín, _d1873-1967 _95278 |
|
| 245 | 1 | 0 |
_aLecturas españolas / _cAzorín. |
| 250 | _a6a ed. | ||
| 260 |
_aBuenos Aires, Argentina : _bEspasa-Calpe, _c1947. |
||
| 300 |
_a148, [12] p. ; _c18 cm. |
||
| 490 | 1 | _aAustral | |
| 500 | _aIncluye índice de autores | ||
| 650 | 4 |
_aEnsayos españoles _93095 |
|
| 650 | 4 |
_aLiteratura española _xHistoria y crítica _93904 |
|
| 650 | 4 |
_aLiteratura española _ySIGLO XIX _93067 |
|
| 650 | 4 |
_aLiteratura española _9632 |
|
| 830 | 0 |
_aAustral _93065 |
|
| 910 | _aCatalogación derivada / LC | ||
| 910 | _aWM | ||
| 049 | _aBNGR | ||
| 999 |
_c19204 _d19204 |
||